El idioma secreto
Đã lưu trong:
| Những tác giả chính: | , |
|---|---|
| Định dạng: | Sách |
| Ngôn ngữ: | Tiếng Tây Ban Nha |
| Được phát hành: |
Pontevedra
Kalandraka Editora
2014
|
| Phiên bản: | 2a. ed |
| Những chủ đề: | |
| Các nhãn: |
Thêm thẻ
Không có thẻ, Là người đầu tiên thẻ bản ghi này!
|
MARC
| LEADER | 00000cam a2200000 a 4500 | ||
|---|---|---|---|
| 001 | UCE9284 | ||
| 003 | CL-VaPUC | ||
| 008 | 151016e20140000sp |||||||||||||||||spa|d | ||
| 020 | |a 9788415250494 | ||
| 082 | 0 | 4 | |a 861 |b FER |2 21 |
| 100 | |a Ferrada, María José |e autor |9 582087 | ||
| 700 | 0 | |a Celej, Zuzanna |e author |9 582088 | |
| 245 | 1 | 3 | |a El idioma secreto |
| 250 | |a 2a. ed | ||
| 300 | |a 50 p | ||
| 942 | |c BK | ||
| 945 | |d 20151016 11:50:00 |a dcastane | ||
| 260 | |a Pontevedra |b Kalandraka Editora |c 2014 | ||
| 650 | 0 | |a Poesías españolas |9 265100 | |
| 650 | 0 | |a Literatura española |9 306261 | |
| 650 | 0 | |a Poesía infantil |9 307626 | |
| 583 | |a last modification |c 20151016 11:50:00 |k Rodrigo Vera | ||
| 999 | |c 360953 |d 360951 | ||